| 000 | 00592nam a2200181 i 4500 | ||
|---|---|---|---|
| 001 | 146812 | ||
| 003 | ES-MaACL | ||
| 005 | 20230906201659.0 | ||
| 007 | t| | ||
| 008 | 070918s1971 xxk ||||1| eng d | ||
| 100 | 1 |
_aTrueman, A. E. _9111553 |
|
| 245 | 1 | 0 |
_aGeology and Scenery in England and Wales / _cA.E. Trueman ; new edition completely revises by J.B. Whittow and J.R. Hardy. |
| 260 |
_aMiddlesex, etc. : _bPenguin Books, _c[1971] |
||
| 300 |
_a400 p. : _bil. ; _c20 cm. |
||
| 700 | 1 |
_aWhittow, J. B. _9116722 |
|
| 700 | 1 |
_aHardy, J. R. _961834 |
|
| 852 |
_aES-MaACL _jA-6137 _bR.94664 |
||
| 999 |
_c146812 _d146812 |
||